00824cam a2200265Ia 4500999001500000001000700015003000400022005001700026008004100043035002300084035002300107040002500130049000900155082001500164090002600179100001800205245005200223260006500275300002000340650002000360650002700380700002000407942001200427952011900439 c3977d3977618058OSt20181127163406.0781024s1958 pau 000 0 eng d a(OCoLC)ocm04317039 a(OCoLC)ocm04317039 aCSMcCSMdMCBdBAKER aPTSS a248bH587W aBV4832.2b.H4775 19581 aHession, Roy.10aWe would see Jesus /cby Roy and Revel Hession. aFort Washington, Pa. :bChristian Literature Crusade,c1958. a96 p. ;c18 cm. 0aSpiritual life. 0aDevotional literature.1 aHession, Revel. 2ddccBK 00102ddc40718FICaHMCbHMCcGENd2018-11-27g120.00l0o248 H587Wp004600r2018-11-27 00:00:00w2018-11-27yBK